Laddar...

Reforming dhaka city management vol.3

Bibliografiska uppgifter
Huvudupphovsman: Naved Hamid
Övriga upphovsmän: Saleemul Huq
Materialtyp: Printed Book
Språk:Undetermined
Publicerad: Philippines Asian development bank 1999
LEADER 00559nam a2200157Ia 4500
008 161229s9999 xx 000 0 und d
020 |a 9715612121 
082 |a 950 NAV/AS 
100 |a Naved Hamid 
245 |a Reforming dhaka city management vol.3 
260 |b Asian development bank  |a Philippines  |c 1999 
300 |a 89 
700 |a Saleemul Huq 
942 |c BK 
999 |c 153651  |d 153651 
952 |0 0  |1 0  |4 0  |6 950_000000000000000_NAVAS  |7 0  |9 152722  |a KAUCLV  |b KAUCLV  |d 2016-12-29  |o 950 NAV/AS  |p 904960  |r 2016-12-29  |w 2016-12-29  |y BK  |z Book transferred from CCBM Library ,Acc.No:10359